| 000 | 00399nam a2200157Ia 4500 | ||
|---|---|---|---|
| 008 | 230312s9999||||xx |||||||||||||| ||und|| | ||
| 020 | _a1-56496-037-4 | ||
| 082 |
_a728 _bPOO-I |
||
| 100 | _aPoore;Jonathan | ||
| 245 | 0 | _aInterior color by Design | |
| 260 |
_bRockport Publishers _aChina _c1994 |
||
| 300 | _a156 | ||
| 546 | _aEng. | ||
| 650 |
_aArchitecture _vInterior color by Design |
||
| 942 | _cBK | ||
| 999 |
_c9638 _d9638 |
||